Subḥ-yi Banāras. (Record no. 69005)

MARC details
000 -LEADER
fixed length control field 00611cam a22002411 4500
001 - CONTROL NUMBER
control field sa 66003620
003 - CONTROL NUMBER IDENTIFIER
control field DLC
005 - DATE AND TIME OF LATEST TRANSACTION
control field 20260227112237.0
008 - FIXED-LENGTH DATA ELEMENTS--GENERAL INFORMATION
fixed length control field 890629s1963 ii b 000 0 urdr
010 ## - LIBRARY OF CONGRESS CONTROL NUMBER
LC control number sa 66003620
035 ## - SYSTEM CONTROL NUMBER
System control number (OCoLC)19949578
040 ## - CATALOGING SOURCE
Original cataloging agency DLC
Transcribing agency WaU
Modifying agency DLC
043 ## - GEOGRAPHIC AREA CODE
Geographic area code a-ii---
050 00 - LIBRARY OF CONGRESS CALL NUMBER
Classification number PK2184
Item number .I8
100 1# - MAIN ENTRY--PERSONAL NAME
Personal name ʻIshrat Kiratpūrī,
Dates associated with a name 1924-
245 10 - TITLE STATEMENT
Title Subḥ-yi Banāras.
260 ## - PUBLICATION, DISTRIBUTION, ETC.
Date of publication, distribution, etc. [1963]
300 ## - PHYSICAL DESCRIPTION
Extent 127 p.
Dimensions 19 cm.
500 ## - GENERAL NOTE
General note In Urdu.
504 ## - BIBLIOGRAPHY, ETC. NOTE
Bibliography, etc. note Bibliography: p. 125-127.
651 #0 - SUBJECT ADDED ENTRY--GEOGRAPHIC NAME
Geographic name Vārānasi (Uttar Pradesh, India)
Form subdivision Poetry.
650 #0 - SUBJECT ADDED ENTRY--TOPICAL TERM
Topical term or geographic name entry element Urdu poetry.

No items available.

Powered by Koha